|
|
|
|
| LEADER |
01396nam a2200361Ia 4500 |
| 001 |
EBC453843 |
| 003 |
MiAaPQ |
| 005 |
20200520144314.0 |
| 006 |
m o d | |
| 007 |
cr cn||||||||| |
| 008 |
090717s2009 gw sb 001 0 ger d |
| 020 |
|
|
|z 9783110206890
|
| 035 |
|
|
|a (MiAaPQ)EBC453843
|
| 035 |
|
|
|a (Au-PeEL)EBL453843
|
| 035 |
|
|
|a (CaPaEBR)ebr10314564
|
| 035 |
|
|
|a (CaONFJC)MIL218765
|
| 035 |
|
|
|a (OCoLC)436452860
|
| 040 |
|
|
|a MiAaPQ
|c MiAaPQ
|d MiAaPQ
|
| 050 |
|
4 |
|a DF27
|b .F73 2009
|
| 100 |
1 |
|
|a Frateantonio, Christa.
|
| 245 |
1 |
0 |
|a Religion und Stadtekonkurrenz
|h [electronic resource] :
|b zum politischen und kulturellen Kontext von Pausanias' Periegese /
|c von Christa Frateantonio.
|
| 260 |
|
|
|a Berlin :
|b De Gruyter,
|c 2009.
|
| 300 |
|
|
|a viii, 295 p.
|
| 490 |
1 |
|
|a Millennium-Studien ;
|v Bd. 23
|
| 504 |
|
|
|a Includes bibliographical references and index.
|
| 533 |
|
|
|a Electronic reproduction. Ann Arbor, MI : ProQuest, 2015. Available via World Wide Web. Access may be limited to ProQuest affiliated libraries.
|
| 600 |
0 |
0 |
|a Pausanias,
|d fl. ca. 150-175.
|t Description of Greece.
|
| 651 |
|
0 |
|a Greece
|x History.
|
| 651 |
|
0 |
|a Greece
|x Description and travel.
|
| 655 |
|
4 |
|a Electronic books.
|
| 710 |
2 |
|
|a ProQuest (Firm)
|
| 830 |
|
0 |
|a Millennium-Studien ;
|v Bd. 23.
|
| 856 |
4 |
0 |
|u https://ebookcentral.proquest.com/lib/matrademy/detail.action?docID=453843
|z Click to View
|